000 00780nam a2200253Ia 4500
003 OSt
005 20220928114855.0
006 a|||||r|||| 00| 0
007 ta
008 220927b |||||||| |||| 00| 0 eng d
020 _c695
024 _a99981
037 _b269, 29/09/2009, Bharatiya Sahitya Bhavana
_cTextual
040 _aSDCL
_cSDCL
_beng
041 _2eng
_aeng
082 _aV2:1973(C9B3)'P, P9
100 _aChari P R Ed.
_9432635
245 0 _aIndo-US nuclear deal
_b Seeking synergy in bilateralism.
260 _aLondon
_bRoutledge
_c2009
300 _ax,326p
_ccm.
650 _aPolitical Science
942 _hV2:1973(C9B3)'P, P9
_cTEXL
_2CC
999 _c757141
_d757141